000 01509nam a2200277Ia 4500
001 19465
003 GE_BSU
008 181216s||||||||xx |||||||||||||| ||und||
040 _cGE_BSU
080 _a821.353.1.091
100 _aაბულაძე, ილია
245 _aშრომები ტ:IV
245 _b[ქართულ-სომხური ლიტ. ურთიერთობანი]
245 _cრედ: გ.ნინუა, ე.ცაგარეიშვილი
250 _aსაქ. სსრ მეცნ. აკად., კ. კეკელიძის სახ. ხელნაწერთა ინ-ტი.
260 _aთბილისი
260 _bმეცნიერება
260 _c1985
300 _a235გვ; ილ;26სმ.
300 _bზოგიერთი სტატია რუს. და სომხ..
541 _h5ლ.
653 _aტომში იბეჭდება სხვადასხვა დროს პერიოდულ გამოცემებში გამოქვეყნებული თემატურად განსხვავებული სტატიები ქართულ,რუსულ და სომხურ ენებზე.
653 _aქართული ლიტერატურა
653 _aქართულ-სომხური ლიტერატურული ურთიერთობები;
942 _cBK
999 _c52442
_d52442